George Harrison Songs Quiz - Statistics

General Stats
  • This quiz has been taken 245 times
  • The average score is 44 of 147
Answer Stats
Albums Song % Correct
All Things Must Pass My Sweet Lord
85%
All Things Must Pass All Things Must Pass
84%
Cloud Nine Got My Mind Set on You
71%
Cloud Nine Cloud 9
70%
Dark Horse Dark Horse
70%
All Things Must Pass What Is Life
66%
Living in the Material World Give Me Love (Give Me Peace on Earth)
64%
All Things Must Pass Isn’t It a Pity (Version One)
64%
All Things Must Pass Isn’t It a Pity (Version Two)
64%
Living in the Material World Living in the Material World
64%
All Things Must Pass Wah-Wah
63%
Gone Troppo Gone Troppo
59%
Brainwashed Brainwashed
57%
Thirty Three & 1/3 Crackerbox Palace
56%
George Harrison Here Comes the Moon
53%
Cloud Nine When We Was Fab
53%
All Things Must Pass Apple Scruffs
52%
Extra Texture (Read All About It) You
51%
All Things Must Pass I’d Have You Anytime
50%
Somewhere in England All Those Years Ago
49%
All Things Must Pass If Not for You
49%
All Things Must Pass Beware of Darkness
48%
All Things Must Pass Ballad of Sir Frankie Crisp (Let It Roll)
47%
George Harrison Blow Away
46%
All Things Must Pass Art of Dying
44%
All Things Must Pass It’s Johnny’s Birthday
44%
All Things Must Pass Behind That Locked Door
43%
Thirty Three & 1/3 This Song
43%
Brainwashed Any Road
42%
George Harrison Faster
41%
All Things Must Pass Hear Me Lord
41%
Dark Horse Ding Dong, Ding Dong
39%
All Things Must Pass Let It Down
39%
Living in the Material World Sue Me, Sue You Blues
39%
All Things Must Pass Run of the Mill
37%
Singles Bangla Desh
36%
All Things Must Pass I Dig Love
36%
George Harrison Love Comes to Everyone
36%
Brainwashed Marwa Blues
36%
All Things Must Pass Thanks for the Pepperoni
36%
Extra Texture (Read All About It) This Guitar (Can’t Keep from Crying)
36%
Cloud Nine This Is Love
36%
All Things Must Pass Awaiting on You All
35%
George Harrison Not Guilty
35%
Cloud Nine Devil’s Radio
34%
Brainwashed Between the Devil and the Deep Blue Sea
33%
Cloud Nine Fish on the Sand
33%
Singles Miss O'Dell
33%
Brainwashed Pisces Fish
33%
Living in the Material World Try Some, Buy Some
33%
Somewhere in England Blood from a Clone
32%
Dark Horse Far East Man
32%
Living in the Material World Be Here Now
31%
Dark Horse Hari’s on Tour (Express)
31%
All Things Must Pass Out of the Blue
31%
Brainwashed Stuck Inside a Cloud
31%
Dark Horse Bye Bye, Love
30%
George Harrison Dark Sweet Lady
30%
Dark Horse Simply Shady
30%
George Harrison Soft-Hearted Hana
30%
Somewhere in England Teardrops
30%
Living in the Material World That Is All
30%
Living in the Material World Don’t Let Me Wait Too Long
29%
All Things Must Pass I Remember Jeep
29%
Dark Horse Maya Love
29%
Brainwashed Rocking Chair in Hawaii
29%
Singles Deep Blue
27%
Gone Troppo Greece
27%
Brainwashed P2 Vatican Blues (Last Saturday Night)
27%
Brainwashed Rising Sun
27%
Dark Horse So Sad
27%
Living in the Material World The Light That Has Lighted the World
27%
Living in the Material World The Lord Loves the One (That Loves the Lord)
27%
Thirty Three & 1/3 True Love
27%
Gone Troppo Wake Up My Love
27%
Extra Texture (Read All About It) A Bit More of You
26%
Thirty Three & 1/3 Beautiful Girl
26%
Somewhere in England Save the World
26%
Living in the Material World Who Can See It
26%
Somewhere in England Baltimore Oriole
25%
Dark Horse It Is ‘He’ (Jai Sri Krishna)
25%
Thirty Three & 1/3 Woman Don’t You Cry for Me
25%
Gone Troppo Circles
24%
Thirty Three & 1/3 It’s What You Value
24%
Cloud Nine Just for Today
24%
Thirty Three & 1/3 Pure Smokey
24%
Cloud Nine That’s What It Takes
24%
Singles That's What it Takes
24%
Extra Texture (Read All About It) The Answer’s at the End
24%
Living in the Material World The Day the World Gets ‘Round
24%
Somewhere in England Unconsciousness Rules
24%
Cloud Nine Wreck of the Hesperus
24%
Somewhere in England Hong Kong Blues
22%
Singles Cheer Down
21%
Thirty Three & 1/3 Dear One
21%
Gone Troppo Dream Away
21%
Extra Texture (Read All About It) His Name Is Legs (Ladies and Gentlemen)
21%
George Harrison If You Believe
21%
Thirty Three & 1/3 Learning How to Love You
21%
Somewhere in England Life Itself
21%
All Things Must Pass Plug Me In
21%
Brainwashed Run So Far
21%
Gone Troppo That’s the Way It Goes
21%
Electronic Sound Under the Mersey Wall
20%
Cloud Nine Breath Away from Heaven
19%
Extra Texture (Read All About It) Can’t Stop Thinking About You
19%
Gone Troppo I Really Love You
19%
Wonderwall Music Ski-ing
19%
Cloud Nine Someplace Else
19%
Extra Texture (Read All About It) Tired of Midnight Blue
19%
Extra Texture (Read All About It) World of Stone
19%
Singles Zig Zag
19%
Brainwashed Looking for My Life
18%
Gone Troppo Mystical One
18%
Brainwashed Never Get Over You
18%
George Harrison Soft Touch
18%
Wonderwall Music Cowboy Music
16%
Wonderwall Music Dream Scene
16%
Singles I Don't Care Anymore
16%
Electronic Sound No Time or Space
16%
Thirty Three & 1/3 See Yourself
16%
Gone Troppo Unknown Delight
16%
George Harrison Your Love Is Forever
16%
Gone Troppo Baby Don’t Run Away
14%
Wonderwall Music Love Scene
14%
Wonderwall Music Crying
13%
Wonderwall Music Greasy Legs
13%
Extra Texture (Read All About It) Grey Cloudy Lies
13%
Singles I Don't Want to Do It
13%
Wonderwall Music Microbes
13%
Extra Texture (Read All About It) Ooh Baby (You Know That I Love You)
13%
Wonderwall Music Red Lady Too
13%
Wonderwall Music Wonderwall to Be Here
13%
Somewhere in England Writing’s on the Wall
13%
Singles Poor Little Girl
12%
Wonderwall Music Singing Om
10%
Wonderwall Music In the Park
9%
Somewhere in England That Which I Have Lost
9%
Wonderwall Music On the Bed
8%
Wonderwall Music Tabla and Pakavaj
8%
Wonderwall Music Drilling a Home
7%
Wonderwall Music Fantasy Sequins
7%
Wonderwall Music Gat Kirwani
7%
Wonderwall Music Glass Box
7%
Wonderwall Music Guru Vandana
7%
Wonderwall Music Party Seacombe
7%
Singles Queen of the Hop
3%
No matching quizzes found
Score Distribution
Percent of People with Each Score
Percentile by Number Answered
Your Score History
You have not taken this quiz